000 00333nam a22001457a 4500
003 SGT
020 _a978-8-204-0828-4
082 _a615
_bSIV
100 _aSIVARAJAN, V.V.
245 _aAYURVEDIC DRUG AND THEIR PLANT SOURCES
260 _aINDIA
_bCBS PUB.
_c2017
300 _a570
650 _aAYURVEDIC DRUG
942 _2ddc
_cBK
999 _c33077
_d33077